Lettres du maréchal de Moltke sur l'orient / (Registro nro. 159930)

Detalles MARC
000 -LEADER
campo de control de longitud fija 00685nam a22001935i 4500
001 - NÚMERO DE CONTROL
campo de control 159930
003 - IDENTIFICADOR DE NÚMERO DE CONTROL
campo de control ES-MaACL
005 - FECHA Y HORA DE LA ÚLTIMA TRANSACCIÓN
campo de control 20251218063015.0
008 - DATOS DE LONGITUD FIJA--INFORMACIÓN GENERAL
campo de control de longitud fija 040914s1877 fr |||| | fre d
040 ## - FUENTE DE CATALOGACIÓN
Centro catalogador/agencia de origen CAM
Lengua de catalogación spa
Centro/agencia transcriptor CAM
100 1# - ENTRADA PRINCIPAL--NOMBRE DE PERSONA
Nombre de persona Moltke, Helmuth Karl Bernhard Graf von,
Títulos y otros términos asociados al nombre Conde de,
Fechas asociadas al nombre 1800-1891
9 (RLIN) 130038
245 10 - MENCIÓN DEL TÍTULO
Título Lettres du maréchal de Moltke sur l'orient /
Mención de responsabilidad, etc. traduites par Alfred Marchand.
250 ## - MENCION DE EDICION
Mención de edición 2e éd.
260 ## - PUBLICACIÓN, DISTRIBUCIÓN, ETC.
Lugar de publicación, distribución, etc. Paris :
Nombre del editor, distribuidor, etc. Librairie Sandoz et Fischbacher,
Fecha de publicación, distribución, etc. 1877 (
Fabricante Imprimerie Nouvelle)
300 ## - DESCRIPCIÓN FÍSICA
Extensión VII, 335 p. ;
Dimensiones 19 cm.
700 11 - ENTRADA AGREGADA--NOMBRE PERSONAL
Nombre de persona Marchand, Alfred,
Término indicativo de función/relación
9 (RLIN) 129448
852 ## - LOCALIZACIÓN
Ubicación ES-MaACL
Número de control de estantería F-13314
Nota libre -- Enc. hol.
Existencias
Estatus retirado Estado de pérdida Estado de daño No para préstamo Colección Biblioteca de origen Biblioteca actual Ubicación en estantería Fecha de adquisición Fuente de adquisición Total de préstamos Signatura topográfica completa Código de barras Visto por última vez Precio de reemplazo Tipo de ítem Koha
        Libros del s. XIX Biblioteca del Ateneo de Madrid Biblioteca del Ateneo de Madrid Sala Pecera Planta 2 17/01/2008     F-13314 1167427 23/02/2023 23/02/2023 Libro impreso antiguo